埼玉西武ライオンズ2025支配下選手 - Statistics

General Stats
  • This quiz has been taken 53 times
  • The average score is 42 of 70
Answer Stats
Hint Answer % Correct
13 高橋 光成
97%
48 今井 達也
97%
61 平良 海馬
97%
6 源田 壮亮
94%
51 西川 愛也
94%
22 古賀 悠斗
90%
1 栗山 巧
90%
5 外崎 修汰
87%
63 長谷川 信哉
87%
27 炭谷 銀仁朗
84%
62 滝澤 夏央
84%
26 ネビン
84%
12 渡邉 勇太朗
81%
16 隅田 知一郎
81%
36 山田 陽翔
81%
37 柘植 世那
81%
45 ウィンゲンター
77%
60 中村 剛也
77%
8 渡部 聖弥
77%
15 與座 海人
71%
21 武内 夏暉
71%
99 村田 怜音
71%
2 齋藤 大翔
68%
9 蛭間 拓哉
68%
17 松本 航
65%
32 山村 崇嘉
65%
66 渡部 健人
65%
34 甲斐野 央
61%
65 古市 尊
61%
56 E・ラミレス
61%
42 ボー・タカハシ
58%
43 羽田 慎之介
58%
58 中村 祐太
58%
53 牧野 翔矢
58%
11 上田 大河
55%
19 佐藤 隼輔
55%
25 平井 克典
55%
30 元山 飛優
55%
59 古賀 輝希
55%
68 岸 潤一郎
55%
69 水上 由伸
52%
71 菅井 信也
52%
0 児玉 亮涼
52%
31 平沼 翔太
52%
10 J.D.デービス
52%
49 佐々木 健
48%
52 篠原 響
48%
40 セデーニョ
48%
20 田村 伊知郎
45%
54 黒木 優太
45%
00 仲田 慶介
45%
39 平沢 大河
45%
50 高松 渡
45%
67 野村 大樹
45%
55 仲三河 優太
45%
75 奥村 光一
45%
57 黒田 将矢
42%
90 浜屋 将太
42%
73 モンテル
42%
29 青山 美夏人
39%
33 古川 雄大
35%
35 松原 聖弥
35%
44 林 冠臣
35%
47 杉山 遙希
32%
64 龍山 暖
32%
23 糸川 亮太
29%
46 狩生 聖真
29%
70 豆田 泰志
29%
41 成田 晴風
26%
38 佐藤 太陽
26%
No matching quizzes found
Score Distribution
Percent of People with Each Score
Percentile by Number Answered
Your Score History
You have not taken this quiz